The fuelwood trap: a study of the SADCC region (Record no. 63317)

MARC details
000 -LEADER
fixed length control field 01422nam a2200265 a 4500
008 - FIXED-LENGTH DATA ELEMENTS--GENERAL INFORMATION
fixed length control field 120416s1988 ||||||||||||||||| || u
020 ## - INTERNATIONAL STANDARD BOOK NUMBER
International Standard Book Number 1853830070
050 ## - LIBRARY OF CONGRESS CALL NUMBER
Classification number TP 324 Fue
100 ## - MAIN ENTRY--PERSONAL NAME
Personal name Ferf, Adriaan
245 14 - TITLE STATEMENT
Title The fuelwood trap: a study of the SADCC region
260 ## - PUBLICATION, DISTRIBUTION, ETC.
Place of publication, distribution, etc. London
Name of publisher, distributor, etc. Earthscan Publications, in association with the ETC Foundation
Date of publication, distribution, etc. 1988
300 ## - PHYSICAL DESCRIPTION
Extent x, 181p.: ill.
350 ## -
-- 0.00
500 ## - GENERAL NOTE
General note "A study commissioned by the SADCC Energy Secretariat and carried out by the ETC Foundation (Consultants for Development)." -GB89-2032 -Includes bibliographical references (p. [166]-176) and index.
650 ## - SUBJECT ADDED ENTRY--TOPICAL TERM
Topical term or geographic name entry element FUELWOOD INDUSRTY--ENVIRONMENTAL ASPECTS--AFRICA, SOUTHERN
650 ## - SUBJECT ADDED ENTRY--TOPICAL TERM
Topical term or geographic name entry element FUELWOOD INDUSRTY--AFRICA, SOUTHERN
650 ## - SUBJECT ADDED ENTRY--TOPICAL TERM
Topical term or geographic name entry element SOUTHERN AFRICAN DEVELOPMENT COORDINATION CONFERENCE
700 ## - ADDED ENTRY--PERSONAL NAME
Personal name O'Keefe, Phil
700 ## - ADDED ENTRY--PERSONAL NAME
Personal name Munslow, Barry
710 ## - ADDED ENTRY--CORPORATE NAME
Corporate name or jurisdiction name as entry element SADCC Energy Secretariat
710 ## - ADDED ENTRY--CORPORATE NAME
Corporate name or jurisdiction name as entry element ETC Foundation
995 ## -
-- ANNEX COLLECTION (Main Library)
-- 0.00
-- 731878
-- CBU-MAIN LIBRARY (Kitwe)
-- 3
-- 18.95
-- TP 324 Fue
-- 3
-- AVAILABLE
-- 029141
-- Annex Low-Usage Collection
995 ## -
-- MAIN LIBRARY OPEN ACCESS
-- 0.00
-- 734692
-- CBU-MAIN LIBRARY (Kitwe)
-- 1
-- 18.95
-- TP 324 Fue
-- 1
-- AVAILABLE
-- 47826
-- Main Library Open Access Collection
995 ## -
-- MAIN LIBRARY OPEN ACCESS
-- 0.00
-- 45169
-- CBU-MAIN LIBRARY (Kitwe)
-- 2
-- 18.95
-- TP 324 Fue
-- AVAILABLE
-- 45169
-- Main Library Open Access Collection
999 ## -
-- 63317
-- 63317
Holdings
Withdrawn status Lost status Source of classification or shelving scheme Damaged status Not for loan Permanent Location Current Location Shelving location Date acquired Total Checkouts Full call number Barcode Date last seen Price effective from Koha item type
          CBU-MAIN LIBRARY, KITWE. CBU-MAIN LIBRARY, KITWE.   12/24/2022   TP 324 Fue 029141 12/24/2022 12/24/2022 MONOGRAPH
          CBU-MAIN LIBRARY, KITWE. CBU-MAIN LIBRARY, KITWE.   12/24/2022   TP 324 Fue 47826 12/24/2022 12/24/2022 MONOGRAPH
          CBU-MAIN LIBRARY, KITWE. CBU-MAIN LIBRARY, KITWE.   12/24/2022   TP 324 Fue 45169 12/24/2022 12/24/2022 MONOGRAPH